Debates sobre ciudadanía y políticas raciales en las Américas Negras / (Registro nro. 32313)

Detalles MARC
000 -CABECERA
Longitud fija campo de control 00996nam a2200217 a 4500
003 - • IDENTIFICADOR DELl NÚMERO DE CONTROL
Identificador del número de control CO-ViMGA
008 - • CÓDIGOS DE INFORMACIÓN DE LONGITUD FIJA
Códigos de información de longitud fija 141112s2004 ck r 000 u spa d
020 ## - • NÚMERO INTERNACIONAL NORMALIZADO PARA LIBROS
Número Internacional Normalizado para Libros (ISBN) 9789587196122
040 ## - FUENTE DE LA CATALOGACIÓN
Centro catalogador de origen CO-ViMGA
Lengua de catalogación spa
Centro transcriptor CO-ViMGA
082 04 - • NÚMERO DE LA CLASIFICACIÓN DECIMAL DEWEY
Número de clasificación (R) 305.8 M687d
100 1# - • PUNTO DE ACCESO PRINCIPAL-NOMBRE DE PERSONA
Nombre de persona Mosquera Rosero - Labbé, Claudia
245 10 - • TITULO PROPIAMENTE DICHO
Título Debates sobre ciudadanía y políticas raciales en las Américas Negras /
Mención de responsabilidad, etc. Claudia Mosquera Rosero - Labbe; Agustín Laó - Montes; César Rodríguez Garavito
300 ## - • DESCRIPCIÓN FÍSICA
Extensión 992 p.
490 ## - • MENCIÓN DE SERIE
Mención de serie Lecturas CES. Serie Idcarán
500 ## - • NOTA GENERAL
Nota general Incluye referencias bibliográficas
650 14 - • PUNTO DE ACCESO ADICIONAL DE MATERIA - TÉRMINO DE MATERIA
Término de materia o nombre geográfico como elemento inicial Problemas raciales; Racismo; Razas humanas; Discriminacion racial
700 1# - • PUNTO DE ACCESO ADICIONAL - NOMBRE DE PERSONA
Nombre de persona Mosquera Rosero - Labbe, Claudia ; Laó - Montes, Agustín ; Rodríguez Garavito, César
942 ## - ENTRADA DE ELEMENTOS AGREGADOS (KOHA)
Fuente de clasificaión o esquema Dewey Decimal Classification
Koha [por defecto] tipo de item LIbro
Existencias
Perdido Fuente de clasificación o esquema Estado Físico No para préstamo Forma de adquisición Localización permanente Localización actual Fecha adquisición Serie de enumeración / cronolog&íacute;a Préstamos totales Signatura completa Código de barras Fecha última consulta Número de copia Fecha del precio de reemplazo Tipo de item de Koha Localización en estanterías
  Dewey Decimal Classification     Sala General Segundo Piso Biblioteca Pública Germán Arciniegas - Villavicencio Biblioteca Pública Germán Arciniegas - Villavicencio 12/04/2015 13/jun/2012   305.8 M687d 25081 12/04/2015 Ej. 1 12/04/2015 LIbro  
  Dewey Decimal Classification     Colección General Biblioteca Pública Medellin del Ariari - El Castillo Biblioteca Pública Medellin del Ariari - El Castillo 11/10/2024     305.8 - D21 BM0001162 11/10/2024 Ej.1 11/10/2024 LIbro General









Instituto Departamental de Cultura del Meta - Red Departamental de Bibliotecas Públicas del Meta.